| Tag |
First Indicator |
Second Indicator |
Subfields |
| LEADER |
00000cam a2200000 a 4500 |
| 001 |
in00001061925 |
| 005 |
20150929100600.0 |
| 008 |
891202s1989 txua bt s00010 eng d |
| 035 |
|
|
|a (OCoLC)20725985
|
| 035 |
|
|
|9 AFN9328AM
|
| 040 |
|
|
|a CBT
|c CBT
|d IKM
|d UtOrBLW
|
| 043 |
|
|
|a n-us-tx
|
| 049 |
|
|
|a IKMD
|
| 086 |
|
|
|a H1300.7 D539 no.17
|2 txdocs
|
| 088 |
|
|
|a DHT-17
|
| 099 |
|
9 |
|a H1300.7
|a D539
|a no.17
|
| 100 |
1 |
|
|a Wong, Constance.
|
| 245 |
1 |
0 |
|a Experimental fly ash base farm-to-market road 1093, Fulshear, Texas /
|c by Constance Wong and Michael K. Ho.
|
| 264 |
|
1 |
|a Austin, Tex. :
|b State Dept. of Highways and Public Transportation,
|c [1989]
|
| 300 |
|
|
|a 31 pages :
|b illustrations ;
|c 28 cm.
|
| 336 |
|
|
|a text
|b txt
|2 rdacontent
|
| 337 |
|
|
|a unmediated
|b n
|2 rdamedia
|
| 338 |
|
|
|a volume
|b nc
|2 rdacarrier
|
| 500 |
|
|
|a "Departmental information exchange"--Cover.
|
| 500 |
|
|
|a "July, 1989"--1st prelim. p.
|
| 500 |
|
|
|a "DHT-17"--Cover.
|
| 504 |
|
|
|a Bibliography: page 17.
|
| 650 |
|
0 |
|a Pavements
|z Texas
|x Subgrades.
|
| 650 |
|
0 |
|a Fly ash.
|
| 650 |
|
0 |
|a Rural roads
|z Texas
|x Design and construction.
|
| 700 |
1 |
|
|a Ho, Michael K.
|
| 710 |
1 |
|
|a Texas.
|b State Department of Highways and Public Transportation.
|
| 999 |
|
|
|a MARS
|
| 999 |
f |
f |
|s a9190b29-36d8-3bd6-9dff-b48302cebe49
|i b1bdbb93-9666-3599-9cb2-7b457be3a930
|t 0
|
| 952 |
f |
f |
|p normal
|a Texas A&M University
|b College Station
|c Sterling C. Evans Library
|d Evans: Texas Documents (Annex 5th floor)
|t 0
|e H1300.7 D539 no.17
|h Superintendent of Documents classification
|i unmediated -- volume
|m A14812379640
|
| 998 |
f |
f |
|a H1300.7 D539 no.17
|t 0
|l Evans: Texas Documents (Annex 5th floor)
|